[Event "66th Mens Championship of Poland"]
[Site "Chotowa"]
[Date "2009.01.26"]
[Round "1.1"]
[White "Mista, Aleksander"]
[Black "Olszewski, Michal"]
[Result "1/2-1/2"]
[WhiteElo "2560"]
[BlackElo "2518"]
[PlyCount "120"]
[EventDate "2009.??.??"]

1. e4 c5 2. Nf3 e6 3. d4 cxd4 4. Nxd4 a6 5. Bd3 Bc5 6. Nb3 Be7 7. O-O d6 8. c4
Nd7 9. Re1 b6 10. Nc3 Bb7 11. a4 Ngf6 12. a5 Nc5 13. Be3 Nxd3 14. Qxd3 bxa5 15.
Nxa5 Qc7 16. Qd4 O-O 17. Qb6 Qxb6 18. Bxb6 Rfb8 19. Bc7 Rc8 20. Bxd6 Bxd6 21.
Nxb7 Be5 22. Na4 Rab8 23. Nbc5 Bxb2 24. Rad1 Bc3 25. Re2 Bd4 26. Nxa6 Ra8 27.
Rxd4 e5 28. Rd1 Rxa6 29. Nb2 Ra2 30. f3 g5 31. Kf2 g4 32. Red2 gxf3 33. gxf3
Nh5 34. Nd3 Rxd2+ 35. Rxd2 Rxc4 36. Nxe5 Rc5 37. Nd7 Rc6 38. Ke3 f6 39. Rd5 Ng7
40. Nc5 Kf7 41. Rd7+ Kg6 42. Nd3 Nh5 43. f4 Rc2 44. h4 Rh2 45. f5+ Kh6 46. Nf2
Rxh4 47. Rf7 Kg5 48. Rxh7 Nf4 49. Rg7+ Kh6 50. Rg3 Kh7 51. Nd3 Nh3 52. Rg6 Ng5
53. e5 Re4+ 54. Kf2 Rg4 55. e6 Rd4 56. Ke3 Re4+ 57. Kd2 Nf3+ 58. Kc3 Rxe6 59.
fxe6 Kxg6 60. Kc4 Ng5 1/2-1/2

[Event "66th Mens Championship of Poland"]
[Site "Chotowa"]
[Date "2009.01.26"]
[Round "1.2"]
[White "Piorun, Kacper"]
[Black "Miton, Kamil"]
[Result "1/2-1/2"]
[WhiteElo "2464"]
[BlackElo "2595"]
[PlyCount "67"]
[EventDate "2009.??.??"]

1. e4 e5 2. Nf3 Nc6 3. Bb5 a6 4. Ba4 Nf6 5. O-O Be7 6. Re1 b5 7. Bb3 d6 8. c3
O-O 9. d4 Bg4 10. Be3 exd4 11. cxd4 Na5 12. Bc2 c5 13. h3 Bxf3 14. Qxf3 cxd4
15. Bxd4 Nc6 16. Qd3 Rc8 17. Bb3 Nxd4 18. Qxd4 d5 19. exd5 Bc5 20. Qd3 Qb6 21.
Qf3 a5 22. a4 bxa4 23. Rxa4 Bxf2+ 24. Qxf2 Qxb3 25. Rxa5 Rc2 26. Rb5 Qd3 27.
Qf1 Qd4+ 28. Kh1 Rxb2 29. Rxb2 Qxb2 30. Qc4 Qb8 31. Nc3 Rc8 32. Qd4 Qg3 33. Ra1
h6 34. Ne4 1/2-1/2

[Event "66th Mens Championship of Poland"]
[Site "Chotowa"]
[Date "2009.01.26"]
[Round "1.3"]
[White "Kanarek, Marcel"]
[Black "Swiercz, Dariusz"]
[Result "0-1"]
[WhiteElo "2453"]
[BlackElo "2472"]
[PlyCount "64"]
[EventDate "2009.??.??"]

1. e4 c5 2. Nf3 d6 3. d4 cxd4 4. Nxd4 Nf6 5. Nc3 a6 6. Bg5 e6 7. f4 Qc7 8. Qf3
b5 9. Bxf6 gxf6 10. O-O-O b4 11. Nce2 h5 12. Ng3 h4 13. Nh5 Nd7 14. g4 Bb7 15.
Kb1 O-O-O 16. Bg2 Kb8 17. Rhe1 Be7 18. Qh3 Nc5 19. f5 e5 20. Nb3 Rc8 21. Nxc5
Qxc5 22. Rd2 a5 23. Qxh4 a4 24. Qf2 Qa5 25. Red1 a3 26. b3 Rc5 27. h4 Qc7 28.
Bf3 Rc3 29. Re1 Rc8 30. g5 fxg5 31. f6 g4 32. Bxg4 Rxb3+ 0-1

[Event "66th Mens Championship of Poland"]
[Site "Chotowa"]
[Date "2009.01.26"]
[Round "1.4"]
[White "Dziuba, Marcin"]
[Black "Bartel, Mateusz"]
[Result "1/2-1/2"]
[WhiteElo "2556"]
[BlackElo "2594"]
[PlyCount "39"]
[EventDate "2009.??.??"]

1. d4 Nf6 2. c4 e6 3. g3 Bb4+ 4. Bd2 c5 5. Bxb4 cxb4 6. Bg2 O-O 7. Nf3 d6 8.
O-O Nc6 9. a3 bxa3 10. Rxa3 e5 11. h3 Re8 12. e3 Bf5 13. Nc3 h6 14. Kh2 a5 15.
Nb5 e4 16. Nd2 Nb4 17. c5 dxc5 18. dxc5 Re5 19. Nd6 Qc7 20. Nxf5 1/2-1/2

[Event "66th Mens Championship of Poland"]
[Site "Chotowa"]
[Date "2009.01.26"]
[Round "1.5"]
[White "Gajewski, Grzegorz"]
[Black "Macieja, Bartlomiej"]
[Result "1/2-1/2"]
[WhiteElo "2581"]
[BlackElo "2607"]
[PlyCount "49"]
[EventDate "2009.??.??"]

1. e4 c5 2. Nf3 Nc6 3. d4 cxd4 4. Nxd4 g6 5. c4 Nf6 6. Nc3 Nxd4 7. Qxd4 d6 8.
c5 Bg7 9. Bb5+ Bd7 10. Bxd7+ Qxd7 11. cxd6 O-O 12. O-O Ne8 13. Qd5 e6 14. Qb5
Qxb5 15. Nxb5 a6 16. Nc7 Nxc7 17. dxc7 Rac8 18. Bf4 e5 19. Be3 Rxc7 20. Rac1
Rfc8 21. Rxc7 Rxc7 22. g4 Bf8 23. Rd1 Rc2 24. Rd2 Rxd2 25. Bxd2 1/2-1/2

[Event "66th Mens Championship of Poland"]
[Site "Chotowa"]
[Date "2009.01.26"]
[Round "1.6"]
[White "Tomczak, Jacek"]
[Black "Wojtaszek, Radoslaw"]
[Result "0-1"]
[WhiteElo "2465"]
[BlackElo "2608"]
[PlyCount "86"]
[EventDate "2009.??.??"]

1. e4 c5 2. Nf3 d6 3. d4 cxd4 4. Nxd4 Nf6 5. Nc3 a6 6. Bc4 e6 7. O-O b5 8. Bb3
Be7 9. Qf3 Qb6 10. Be3 Qb7 11. Qg3 b4 12. Na4 Nbd7 13. f3 O-O 14. a3 a5 15. c4
bxc3 16. Nxc3 Nc5 17. Bc4 Bd7 18. Ndb5 Nh5 19. Qf2 Rac8 20. Qe2 a4 21. Rad1 Qb8
22. Rd2 Rfd8 23. Rfd1 Be8 24. g4 Nf6 25. Bf4 Rc6 26. e5 dxe5 27. Rxd8 Bxd8 28.
Bxe5 Qa8 29. Nd6 Ncd7 30. Bxf6 Nxf6 31. g5 Bb6+ 32. Kh1 Ng4 33. Nce4 Ne3 34.
Rc1 Rxd6 35. Nxd6 Bc6 36. Bd5 exd5 37. Qd3 d4 38. Kg1 g6 39. Ne4 Bxe4 40. fxe4
Qd8 41. Kh1 Qxg5 42. Rg1 Qf4 43. Rg3 Bc7 0-1

[Event "66th Mens Championship of Poland"]
[Site "Chotowa"]
[Date "2009.01.27"]
[Round "2.1"]
[White "Olszewski, Michal"]
[Black "Wojtaszek, Radoslaw"]
[Result "1-0"]
[WhiteElo "2518"]
[BlackElo "2608"]
[PlyCount "133"]
[EventDate "2009.??.??"]

1. d4 Nf6 2. c4 g6 3. Nc3 Bg7 4. e4 d6 5. Bd3 O-O 6. Nge2 c5 7. d5 e6 8. O-O
Ng4 9. Bc2 Ne5 10. b3 exd5 11. exd5 Re8 12. Rb1 Na6 13. a3 f5 14. h3 Bd7 15. f4
Nf7 16. Qd3 Rb8 17. Be3 b5 18. cxb5 Nc7 19. a4 a6 20. b4 cxb4 21. Rxb4 axb5 22.
axb5 Nxb5 23. Rfb1 Qe7 24. Nd1 Ra8 25. Rxb5 Bxb5 26. Rxb5 Ra1 27. Bb1 Rea8 28.
Nd4 R1a3 29. Qd2 Qe8 30. Rb4 R3a4 31. Rb3 Rb8 32. Bc2 Ra2 33. Qd3 Rxb3 34. Bxb3
Ra3 35. Nb5 Ra5 36. Ndc3 Qe7 37. Bf2 Ra1+ 38. Kh2 h5 39. Nd4 Bf6 40. Ne6 Nh6
41. Nd1 Ra3 42. Qb5 Kh7 43. Ne3 Ra1 44. Nc4 Nf7 45. Nd2 Ra8 46. Nf3 Qe8 47. Qd3
Rb8 48. Bd4 Qe7 49. Qc3 Bxd4 50. Qxd4 Nd8 51. Bc2 Kg8 52. Bd3 Ra8 53. Bc4 Rc8
54. Nfg5 Rb8 55. Bd3 Ra8 56. Qb2 Rc8 57. Kg3 Ra8 58. Qd4 Rc8 59. Kh4 Rb8 60. g4
hxg4 61. hxg4 Nxe6 62. dxe6 Rf8 63. gxf5 gxf5 64. Bc4 Rc8 65. Kh5 Rf8 66. Bb3
d5 67. Bxd5 1-0

[Event "66th Mens Championship of Poland"]
[Site "Chotowa"]
[Date "2009.01.27"]
[Round "2.2"]
[White "Macieja, Bartlomiej"]
[Black "Tomczak, Jacek"]
[Result "1-0"]
[WhiteElo "2607"]
[BlackElo "2465"]
[PlyCount "109"]
[EventDate "2009.??.??"]

1. Nf3 Nf6 2. c4 g6 3. Nc3 d5 4. cxd5 Nxd5 5. Qa4+ Bd7 6. Qh4 Nxc3 7. bxc3 c5
8. Rb1 Qc7 9. Qg3 Qxg3 10. hxg3 b6 11. e4 Bg7 12. d4 O-O 13. Bh6 cxd4 14. Bxg7
Kxg7 15. cxd4 Bc6 16. Bd3 Nd7 17. Ke2 Bb7 18. Ke3 Rac8 19. Rhc1 Rfd8 20. g4 h6
21. g5 hxg5 22. Nxg5 Nf6 23. f3 e6 24. Bc4 Re8 25. Bb3 Kf8 26. Nh3 Rxc1 27.
Rxc1 Rc8 28. Rh1 Ba6 29. Nf4 g5 30. Nh3 Rc3+ 31. Kf2 g4 32. Ng5 gxf3 33. gxf3
Bd3 34. e5 Nd5 35. Rh8+ Ke7 36. Ra8 Rc7 37. Bxd5 exd5 38. Nh3 Bf5 39. Nf4 Be6
40. Kg3 a5 41. Rb8 Rc6 42. Kh4 Rc3 43. Rb7+ Kd8 44. Nxe6+ fxe6 45. f4 Rc4 46.
Kg5 Rxd4 47. Rxb6 Ke7 48. Rb7+ Kf8 49. f5 Rb4 50. Rxb4 axb4 51. fxe6 Ke7 52.
Kf5 Ke8 53. Kf4 Kd8 54. Ke3 Ke7 55. Kd3 1-0

[Event "66th Mens Championship of Poland"]
[Site "Chotowa"]
[Date "2009.01.27"]
[Round "2.3"]
[White "Bartel, Mateusz"]
[Black "Gajewski, Grzegorz"]
[Result "1/2-1/2"]
[WhiteElo "2594"]
[BlackElo "2581"]
[PlyCount "23"]
[EventDate "2009.??.??"]

1. d4 d5 2. c4 c6 3. Nf3 Nf6 4. Nc3 dxc4 5. a4 e6 6. e3 c5 7. Bxc4 Nc6 8. O-O
cxd4 9. exd4 Be7 10. Be3 O-O 11. Ne5 Bd7 12. Nxd7 1/2-1/2

[Event "66th Mens Championship of Poland"]
[Site "Chotowa"]
[Date "2009.01.27"]
[Round "2.4"]
[White "Swiercz, Dariusz"]
[Black "Dziuba, Marcin"]
[Result "1-0"]
[WhiteElo "2472"]
[BlackElo "2556"]
[PlyCount "97"]
[EventDate "2009.??.??"]

1. e4 c6 2. d4 d5 3. Nc3 dxe4 4. Nxe4 Bf5 5. Ng3 Bg6 6. h4 h6 7. Nf3 Nd7 8. h5
Bh7 9. Bd3 Bxd3 10. Qxd3 e6 11. Bd2 Ngf6 12. O-O-O Be7 13. Qe2 c5 14. dxc5 Qc7
15. Kb1 Nxc5 16. Ne5 O-O 17. Rhe1 Rac8 18. c4 a5 19. f4 Rfe8 20. Qf3 Rcd8 21.
Nf1 Nfd7 22. Ng4 f5 23. Nf2 Bf6 24. g4 Qb6 25. b3 a4 26. b4 Na6 27. b5 Qd4 28.
Bc3 Qxc3 29. Qxc3 Bxc3 30. Re3 Bf6 31. bxa6 bxa6 32. gxf5 Rb8+ 33. Kc1 Nb6 34.
c5 Nc4 35. Rxe6 Rec8 36. Ne4 Bb2+ 37. Kc2 Ba3 38. Rd4 Na5 39. Rxa4 Bxc5 40. Kd3
Nb7 41. Raxa6 Bf8 42. Ne3 Rc1 43. f6 Rd8+ 44. Ke2 Rh1 45. fxg7 Bxg7 46. Re7
Rh2+ 47. Kf3 Rh3+ 48. Kg4 Rxe3 49. Rg6 1-0

[Event "66th Mens Championship of Poland"]
[Site "Chotowa"]
[Date "2009.01.27"]
[Round "2.5"]
[White "Miton, Kamil"]
[Black "Kanarek, Marcel"]
[Result "1/2-1/2"]
[WhiteElo "2595"]
[BlackElo "2453"]
[PlyCount "46"]
[EventDate "2009.??.??"]

1. e4 c5 2. Nf3 Nc6 3. Nc3 g6 4. d4 cxd4 5. Nxd4 Bg7 6. Be3 Nf6 7. Bc4 O-O 8.
Bb3 d6 9. h3 Bd7 10. O-O Nxd4 11. Bxd4 Bc6 12. f4 b5 13. a3 a5 14. Re1 b4 15.
axb4 axb4 16. Rxa8 Qxa8 17. Nd5 Bxd5 18. exd5 Qb7 19. Qd3 Ra8 20. Qc4 Rc8 21.
Qd3 Ra8 22. Qc4 Rc8 23. Qd3 Ra8 1/2-1/2

[Event "66th Mens Championship of Poland"]
[Site "Chotowa"]
[Date "2009.01.27"]
[Round "2.6"]
[White "Mista, Aleksander"]
[Black "Piorun, Kacper"]
[Result "0-1"]
[WhiteElo "2560"]
[BlackElo "2464"]
[PlyCount "70"]
[EventDate "2009.??.??"]

1. e4 e6 2. d4 d5 3. Nd2 c5 4. exd5 Qxd5 5. Ngf3 cxd4 6. Bc4 Qd6 7. O-O Nf6 8.
Nb3 Nc6 9. Nbxd4 Nxd4 10. Nxd4 a6 11. Bb3 Qc7 12. Qf3 Bd6 13. h3 Be5 14. c3 Bd7
15. Re1 O-O-O 16. Be3 Rhg8 17. a4 g5 18. Qe2 Bc6 19. Nb5 axb5 20. axb5 Be4 21.
b6 Qc6 22. Ra5 Bd3 23. Qd1 Bc4 24. Qa1 Rd5 25. Bxc4 Qxc4 26. Bd4 Bxd4 27. cxd4
Rxa5 28. Qxa5 Kd7 29. Qe5 Nd5 30. Qe4 Ke7 31. Qxh7 Nf6 32. Qb1 Qxd4 33. Qa2
Qxb6 34. Qa3+ Qd6 35. Qb3 b6 0-1

[Event "66th Mens Championship of Poland"]
[Site "Chotowa"]
[Date "2009.01.28"]
[Round "3.1"]
[White "Piorun, Kacper"]
[Black "Olszewski, Michal"]
[Result "0-1"]
[WhiteElo "2464"]
[BlackElo "2517"]
[PlyCount "94"]
[EventDate "2009.??.??"]

1. d4 Nf6 2. c4 e6 3. Nf3 b6 4. g3 Ba6 5. b3 Bb7 6. Bg2 Bb4+ 7. Bd2 a5 8. Nc3
O-O 9. O-O d6 10. a3 Bxc3 11. Bxc3 Nbd7 12. Qc2 Be4 13. Qb2 c6 14. Rfd1 Qb8 15.
Bf1 b5 16. Nd2 bxc4 17. Nxc4 a4 18. b4 d5 19. Ne5 Rc8 20. Rac1 Bg6 21. Nxg6
hxg6 22. Qb1 Nb6 23. Be1 Nc4 24. Rc3 Ne8 25. Bd2 e5 26. dxe5 Qxe5 27. Qc1 Nf6
28. Bf4 Qe6 29. f3 c5 30. bxc5 Rxc5 31. e4 Rac8 32. exd5 Qb6 33. Be3 Nxe3 34.
Qxe3 Qd6 35. Rxc5 Rxc5 36. Rd4 Rxd5 37. Rxa4 Rd1 38. Kf2 Rxf1+ 39. Kxf1 Qd1+
40. Kg2 Qxa4 41. Qc3 g5 42. h3 Qd1 43. Qc8+ Kh7 44. Qf5+ Kh6 45. h4 Qd2+ 46.
Kh3 gxh4 47. g4 Qg5 0-1

[Event "66th Mens Championship of Poland"]
[Site "Chotowa"]
[Date "2009.01.28"]
[Round "3.2"]
[White "Kanarek, Marcel"]
[Black "Mista, Aleksander"]
[Result "1/2-1/2"]
[WhiteElo "2453"]
[BlackElo "2559"]
[PlyCount "91"]
[EventDate "2009.??.??"]

1. e4 c5 2. Nf3 Nc6 3. Nc3 d6 4. d4 cxd4 5. Nxd4 e5 6. Nf3 Be7 7. Bc4 Be6 8.
Bb3 Nf6 9. Bg5 O-O 10. Bxf6 Bxf6 11. O-O Rc8 12. Nd5 Bxd5 13. Bxd5 Qb6 14. Bb3
Na5 15. c3 Rfd8 16. Qc2 Nxb3 17. axb3 d5 18. exd5 Rxd5 19. Rfd1 Rcd8 20. Rxd5
Rxd5 21. Rd1 Rxd1+ 22. Qxd1 e4 23. Qe2 Qxb3 24. Qxe4 g6 25. Qe2 a5 26. h4 b5
27. g3 a4 28. Qe8+ Kg7 29. Ne5 Qe6 30. Qxe6 fxe6 31. Nd3 Kf7 32. Kg2 Ke7 33.
Kf3 Kd6 34. Ke4 Kc6 35. Nb4+ Kd6 36. Nd3 a3 37. bxa3 Bxc3 38. f4 Bf6 39. Nb4
Kc5 40. Kd3 e5 41. fxe5 Bxe5 42. g4 h5 43. gxh5 gxh5 44. Na2 Bf6 45. Nc3 Bxh4
46. Ke2 1/2-1/2

[Event "66th Mens Championship of Poland"]
[Site "Chotowa"]
[Date "2009.01.28"]
[Round "3.3"]
[White "Dziuba, Marcin"]
[Black "Miton, Kamil"]
[Result "1/2-1/2"]
[WhiteElo "2556"]
[BlackElo "2595"]
[PlyCount "137"]
[EventDate "2009.??.??"]

1. d4 Nf6 2. c4 c6 3. Nf3 d5 4. e3 Bf5 5. Nc3 e6 6. Nh4 Bg6 7. Be2 Nbd7 8. O-O
Bd6 9. g3 dxc4 10. Bxc4 O-O 11. Nxg6 hxg6 12. Qb3 Nb6 13. Be2 e5 14. dxe5 Bxe5
15. Rd1 Qe7 16. Bd2 Rad8 17. a4 Nc8 18. a5 Nd6 19. a6 b6 20. Be1 g5 21. Bf3 c5
22. h3 Qd7 23. Kg2 Qe6 24. Qxe6 fxe6 25. Rab1 Bxc3 26. Bxc3 Nb5 27. Be1 Nd5 28.
Be2 Nd6 29. Rbc1 Kf7 30. Bd3 Ke7 31. e4 Nc7 32. b4 c4 33. e5 Nf7 34. Rxc4 Rd7
35. Be2 Nxe5 36. Rxd7+ Kxd7 37. Re4 Nf7 38. Bc3 g6 39. Rd4+ Nd5 40. Bd2 Kd6 41.
Rg4 Nf6 42. Rc4 Nd5 43. b5 Ke5 44. Bc1 Rd8 45. Rc6 Kf6 46. Bg4 Nd6 47. Ba3 Nf5
48. Bb2+ Kf7 49. Be5 Ke7 50. Bf3 Rd7 51. Be4 Nf6 52. Bc2 Nd5 53. Bxf5 gxf5 54.
h4 gxh4 55. gxh4 Rd8 56. h5 Rg8+ 57. Kf3 Rg5 58. h6 Rh5 59. Bb8 Rxh6 60. Bxa7
Rh3+ 61. Kg2 Rb3 62. Bxb6 Rxb5 63. Bc5+ Kd7 64. Rd6+ Kc7 65. a7 Ra5 66. Kg3 Kb7
67. Rd7+ Kc6 68. Rd8 Nc7 69. Rc8 1/2-1/2

[Event "66th Mens Championship of Poland"]
[Site "Chotowa"]
[Date "2009.01.28"]
[Round "3.4"]
[White "Gajewski, Grzegorz"]
[Black "Swiercz, Dariusz"]
[Result "1/2-1/2"]
[WhiteElo "2581"]
[BlackElo "2472"]
[PlyCount "129"]
[EventDate "2009.??.??"]

1. d4 d5 2. Nf3 Nf6 3. c4 c6 4. Nc3 a6 5. a4 e6 6. g3 dxc4 7. Bg2 c5 8. dxc5
Qxd1+ 9. Nxd1 Bxc5 10. Ne5 Nd5 11. Ne3 Nxe3 12. Bxe3 Bxe3 13. fxe3 Nd7 14. Nxc4
Rb8 15. O-O Ke7 16. Rac1 Rd8 17. a5 f6 18. Rfd1 b6 19. b4 bxa5 20. Nxa5 Ne5 21.
Rc7+ Rd7 22. Nc6+ Nxc6 23. Rdxd7+ Bxd7 24. Bxc6 Kd6 25. Rxd7+ Kxc6 26. Rxg7 Rb7
27. Rg4 f5 28. Rh4 Kd5 29. Rd4+ Ke5 30. Rc4 Kf6 31. e4 Rb5 32. exf5 exf5 33.
Kg2 a5 34. bxa5 Rxa5 35. Rc7 Kg6 36. Rc6+ Kg7 37. Kf3 Ra4 38. h3 Rb4 39. e3 Ra4
40. Rd6 Rb4 41. Rd4 Rb6 42. Kf4 Kf6 43. g4 fxg4 44. hxg4 Kg6 45. Rd5 Rf6+ 46.
Rf5 Ra6 47. Rg5+ Kf6 48. Rb5 h6 49. e4 Kg6 50. Rd5 Rb6 51. Rd8 Rf6+ 52. Ke5 Rf1
53. Ke6 Rf6+ 54. Ke7 Rf7+ 55. Ke8 Rf6 56. Kd7 Rf7+ 57. Kc6 Rf4 58. Kd5 Kf7 59.
Rd7+ Ke8 60. Rg7 Kf8 61. Rg6 Kf7 62. Rb6 Rxg4 63. e5 Ra4 64. Kc6 Ke7 65. Kb5
1/2-1/2

[Event "66th Mens Championship of Poland"]
[Site "Chotowa"]
[Date "2009.01.28"]
[Round "3.5"]
[White "Tomczak, Jacek"]
[Black "Bartel, Mateusz"]
[Result "0-1"]
[WhiteElo "2465"]
[BlackElo "2594"]
[PlyCount "80"]
[EventDate "2009.??.??"]

1. e4 e5 2. Nf3 Nc6 3. d4 exd4 4. Nxd4 Bc5 5. Be3 Qf6 6. c3 Nge7 7. Bc4 O-O 8.
O-O b6 9. f4 d5 10. e5 Qh6 11. Be2 Nxe5 12. Qd2 Nc4 13. Bxc4 dxc4 14. f5 Qh5
15. Nb5 Bxf5 16. Bxc5 bxc5 17. Nxc7 Rad8 18. Qf2 Qg6 19. Nb5 Qb6 20. a4 Bd3 21.
Re1 Nd5 22. Nd2 a6 23. Na3 Qxb2 24. Naxc4 Bxc4 25. Nxc4 Qxf2+ 26. Kxf2 Nxc3 27.
Ra3 Nd5 28. Rd3 Nf6 29. Rxd8 Rxd8 30. Rb1 h5 31. Ne5 Ne4+ 32. Ke3 Nd6 33. Nc6
Nc4+ 34. Kf4 Rd6 35. Ne7+ Kh7 36. Nf5 Rf6 37. Kg5 Rg6+ 38. Kxh5 Rxg2 39. Kh4
Rxh2+ 40. Kg5 g6 0-1

[Event "66th Mens Championship of Poland"]
[Site "Chotowa"]
[Date "2009.01.28"]
[Round "3.6"]
[White "Wojtaszek, Radoslaw"]
[Black "Macieja, Bartlomiej"]
[Result "1/2-1/2"]
[WhiteElo "2608"]
[BlackElo "2607"]
[PlyCount "77"]
[EventDate "2009.??.??"]

1. d4 Nf6 2. c4 e6 3. g3 d5 4. Nf3 Bb4+ 5. Bd2 Be7 6. Bg2 O-O 7. O-O c6 8. Qc2
Nbd7 9. Bf4 a5 10. Rd1 b5 11. c5 Nh5 12. Bc1 f5 13. Ne5 Nxe5 14. dxe5 Bd7 15.
Be3 g5 16. Bd4 Ng7 17. Nd2 g4 18. a4 b4 19. f3 h5 20. h3 Qe8 21. Bf2 Bd8 22.
hxg4 hxg4 23. f4 Nh5 24. Qb3 Bc8 25. Bd4 Ra7 26. Kf2 Rh7 27. Rh1 Ba6 28. Rh2
Ng7 29. Rxh7 Kxh7 30. Rh1+ Kg6 31. Qd1 Rh8 32. e3 Rxh1 33. Qxh1 Qg8 34. Bf1
Bxf1 35. Qxf1 Qh7 36. Kg1 Nh5 37. Kg2 Ng7 38. Kg1 Nh5 39. Kg2 1/2-1/2

[Event "66th Mens Championship of Poland"]
[Site "Chotowa"]
[Date "2009.01.29"]
[Round "4.1"]
[White "Olszewski, Michal"]
[Black "Macieja, Bartlomiej"]
[Result "1/2-1/2"]
[WhiteElo "2517"]
[BlackElo "2607"]
[PlyCount "28"]
[EventDate "2009.??.??"]

1. e4 e5 2. Nf3 Nf6 3. Nxe5 d6 4. Nf3 Nxe4 5. Nc3 Nxc3 6. dxc3 Be7 7. Be3 Nc6
8. Qd2 Be6 9. O-O-O Qd7 10. Kb1 a6 11. Be2 Bf6 12. Bg5 Bxg5 13. Nxg5 O-O-O 14.
f4 Bf5 1/2-1/2

[Event "66th Mens Championship of Poland"]
[Site "Chotowa"]
[Date "2009.01.29"]
[Round "4.3"]
[White "Swiercz, Dariusz"]
[Black "Tomczak, Jacek"]
[Result "1-0"]
[WhiteElo "2472"]
[BlackElo "2465"]
[PlyCount "71"]
[EventDate "2009.??.??"]

1. e4 d5 2. exd5 Qxd5 3. Nc3 Qa5 4. d4 Nf6 5. Nf3 c6 6. Bc4 Bf5 7. Bd2 e6 8.
Nd5 Qd8 9. Nxf6+ gxf6 10. Bb3 Nd7 11. Nh4 Bg6 12. Qf3 f5 13. Qh3 Qf6 14. Nf3 f4
15. O-O-O Bd6 16. d5 e5 17. dxc6 bxc6 18. Bc3 Nc5 19. Nxe5 Bxe5 20. Rhe1 Nxb3+
21. axb3 O-O 22. Rxe5 f3 23. Qh6 Qg7 24. Qe3 f6 25. Re7 Rf7 26. Rxf7 Bxf7 27.
Qxf3 Qg5+ 28. Kb1 Bh5 29. Qxc6 Bxd1 30. Qxa8+ Kf7 31. Qxa7+ Kg6 32. Qd4 Bg4 33.
f3 Be6 34. Qe4+ Bf5 35. Qe8+ Kh6 36. g4 1-0

[Event "66th Mens Championship of Poland"]
[Site "Chotowa"]
[Date "2009.01.29"]
[Round "4.4"]
[White "Miton, Kamil"]
[Black "Gajewski, Grzegorz"]
[Result "1/2-1/2"]
[WhiteElo "2595"]
[BlackElo "2581"]
[PlyCount "80"]
[EventDate "2009.??.??"]

1. d4 Nf6 2. c4 e6 3. Nf3 d5 4. g3 Bb4+ 5. Bd2 Be7 6. Bg2 O-O 7. O-O Nbd7 8.
Qc2 c6 9. Bf4 a5 10. Nbd2 Nh5 11. Be3 f5 12. Nb3 a4 13. Nc1 Nb6 14. c5 Nc4 15.
Bd2 b6 16. cxb6 Qxb6 17. Nd3 Nxd2 18. Qxd2 Ba6 19. Qe3 Rf6 20. Nfe5 f4 21. Qf3
g6 22. g4 Ng7 23. Rac1 Bb5 24. Nc5 Rd8 25. Ned7 Qc7 26. Nxf6+ Bxf6 27. Rfd1 Rf8
28. Qh3 Bxe2 29. g5 Bxg5 30. Nxe6 Nxe6 31. Qxe6+ Qf7 32. Qxe2 f3 33. Qxf3 Qxf3
34. Bxf3 Bxc1 35. Bxd5+ cxd5 36. Rxc1 Rb8 37. Rc2 Rb4 38. Rd2 Kf7 39. f3 Kf6
40. Kf2 Kf5 1/2-1/2

[Event "66th Mens Championship of Poland"]
[Site "Chotowa"]
[Date "2009.01.29"]
[Round "4.5"]
[White "Mista, Aleksander"]
[Black "Dziuba, Marcin"]
[Result "1-0"]
[WhiteElo "2559"]
[BlackElo "2556"]
[PlyCount "73"]
[EventDate "2009.??.??"]

1. e4 c6 2. d4 d5 3. exd5 cxd5 4. Bd3 Nc6 5. c3 Nf6 6. Bf4 Bg4 7. Qb3 Qd7 8.
Nd2 e6 9. Ngf3 Bxf3 10. Nxf3 Bd6 11. Bg3 O-O 12. Qc2 g6 13. O-O Nh5 14. Bxd6
Qxd6 15. Rfe1 Rac8 16. Qd2 Qf4 17. Qd1 Rc7 18. g3 Qf6 19. Kg2 Ng7 20. Qd2 Nf5
21. Qf4 Rfc8 22. Kg1 Kg7 23. g4 Nfe7 24. Qe3 Ng8 25. h4 Rf8 26. Kg2 Qd8 27. h5
Qd6 28. Rh1 Re7 29. Rae1 Rfe8 30. Ne5 Nxe5 31. dxe5 Qb6 32. hxg6 fxg6 33. Rxh7+
Kxh7 34. Qg5 Kg7 35. Bxg6 Rc8 36. Rh1 Rcc7 37. Bh7+ 1-0

[Event "66th Mens Championship of Poland"]
[Site "Chotowa"]
[Date "2009.01.29"]
[Round "4.6"]
[White "Piorun, Kacper"]
[Black "Kanarek, Marcel"]
[Result "1-0"]
[WhiteElo "2464"]
[BlackElo "2453"]
[PlyCount "47"]
[EventDate "2009.??.??"]

1. d4 Nf6 2. c4 d6 3. Nc3 g6 4. e4 Bg7 5. Bd3 O-O 6. Nge2 c5 7. d5 e6 8. O-O
exd5 9. cxd5 a6 10. a4 Re8 11. Ng3 Nbd7 12. f4 h5 13. e5 dxe5 14. f5 e4 15.
Ngxe4 Ng4 16. fxg6 fxg6 17. Bg5 Qb6 18. a5 Qa7 19. Kh1 Nde5 20. Bc2 c4 21. Qd2
Nf7 22. h3 Nxg5 23. Qxg5 Re5 24. Qxg6 1-0

[Event "66th Mens Championship of Poland"]
[Site "Chotowa"]
[Date "2009.01.30"]
[Round "5.1"]
[White "Kanarek, Marcel"]
[Black "Olszewski, Michal"]
[Result "1/2-1/2"]
[WhiteElo "2453"]
[BlackElo "2517"]
[PlyCount "68"]
[EventDate "2009.??.??"]

1. e4 e5 2. Nf3 Nc6 3. Bb5 a6 4. Ba4 Nf6 5. O-O Be7 6. Re1 b5 7. Bb3 O-O 8. h3
Bb7 9. d3 Re8 10. Ng5 d5 11. exd5 Nd4 12. Rxe5 Nxd5 13. Nxf7 Qd7 14. Ng5 Bc5
15. Rxe8+ Rxe8 16. Ne4 Nxb3 17. axb3 Bb6 18. Bg5 Qf5 19. Bh4 Rxe4 20. dxe4 Qxe4
21. Qg4 Qe1+ 22. Kh2 Qe5+ 23. Bg3 Qxb2 24. Qe6+ Kf8 25. Rxa6 Qxc2 26. Rxb6 Nxb6
27. Bd6+ cxd6 28. Qxd6+ Kf7 29. Qxb6 Qe4 30. f3 Qf4+ 31. Kg1 Qc1+ 32. Kh2 Qf4+
33. Kg1 Qc1+ 34. Kh2 Qf4+ 1/2-1/2

[Event "66th Mens Championship of Poland"]
[Site "Chotowa"]
[Date "2009.01.30"]
[Round "5.2"]
[White "Dziuba, Marcin"]
[Black "Piorun, Kacper"]
[Result "1-0"]
[WhiteElo "2556"]
[BlackElo "2464"]
[PlyCount "101"]
[EventDate "2009.??.??"]

1. d4 Nf6 2. c4 c5 3. d5 b5 4. cxb5 a6 5. bxa6 g6 6. g3 d6 7. Bg2 Bg7 8. Nc3
O-O 9. Nf3 Bxa6 10. O-O Nbd7 11. Rb1 Qa5 12. Bd2 Rfb8 13. b3 Qa3 14. Ne1 Ne8
15. Nc2 Qa5 16. Na4 Qb5 17. Re1 Nc7 18. Nc3 Qa5 19. Na4 Qb5 20. a3 Qb7 21. Nc3
Nb6 22. b4 Qa7 23. bxc5 Nc4 24. c6 Rxb1 25. Nxb1 Nxd2 26. Qxd2 Bc8 27. Rd1 Qa4
28. e3 Bg4 29. Re1 Rb8 30. Nd4 Bc8 31. h3 Ba6 32. Kh2 h6 33. Rd1 Bc4 34. Qc1
Ba6 35. Nc3 Qa5 36. a4 Rb4 37. Qd2 Qb6 38. Rc1 h5 39. Ndb5 Ne8 40. Bf1 h4 41.
g4 Be5+ 42. Kh1 Bc8 43. Qc2 Ba6 44. Kg1 Qa5 45. Rb1 Rxb1 46. Nxb1 Qb4 47. Nd2
Kf8 48. Nf3 Bf6 49. Na7 Bxf1 50. Kxf1 Nc7 51. Nb5 1-0

[Event "66th Mens Championship of Poland"]
[Site "Chotowa"]
[Date "2009.01.30"]
[Round "5.3"]
[White "Gajewski, Grzegorz"]
[Black "Mista, Aleksander"]
[Result "0-1"]
[WhiteElo "2581"]
[BlackElo "2559"]
[PlyCount "58"]
[EventDate "2009.??.??"]

1. d4 d5 2. Nf3 Nf6 3. c4 dxc4 4. e3 e6 5. Bxc4 c5 6. O-O a6 7. Bb3 cxd4 8.
exd4 Nc6 9. Nc3 Be7 10. Bg5 O-O 11. Qd2 Nd5 12. Rfe1 Bxg5 13. Nxg5 h6 14. Nge4
b6 15. Rac1 Nce7 16. Nxd5 Nxd5 17. Bxd5 Qxd5 18. Qb4 Bb7 19. Qxb6 Rab8 20. b3
f5 21. Rc5 Qxd4 22. Qxe6+ Kh8 23. Qd6 Qb4 24. Nc3 Rbc8 25. Ree5 Rfd8 26. Qe7
Qg4 27. g3 Qf3 28. Nd5 Rxd5 29. Rxc8+ Kh7 0-1

[Event "66th Mens Championship of Poland"]
[Site "Chotowa"]
[Date "2009.01.30"]
[Round "5.4"]
[White "Tomczak, Jacek"]
[Black "Miton, Kamil"]
[Result "0-1"]
[WhiteElo "2465"]
[BlackElo "2595"]
[PlyCount "104"]
[EventDate "2009.??.??"]

1. e4 c5 2. Nf3 e6 3. d4 cxd4 4. Nxd4 a6 5. Bd3 Bc5 6. Nb3 Be7 7. c4 d6 8. Nc3
Nf6 9. O-O b6 10. Be3 O-O 11. f4 Nbd7 12. g4 Nc5 13. Nxc5 dxc5 14. h3 Bb7 15.
e5 Nd7 16. Qc2 g6 17. Be4 Qc7 18. Rae1 Rab8 19. Bf2 Kh8 20. Bg3 b5 21. Kh2 Rg8
22. Bxb7 Qxb7 23. cxb5 axb5 24. Ne4 Ra8 25. f5 Rxa2 26. fxe6 fxe6 27. Nd6 Qc6
28. Qb3 Rga8 29. Rf7 c4 30. Qxb5 Qxb5 31. Nxb5 Rxb2+ 32. Kh1 Re8 33. Nc7 Kg8
34. Rff1 Reb8 35. Nxe6 R8b3 36. Rf2 Rxf2 37. Bxf2 Rxh3+ 38. Kg2 Rd3 39. Nd4 Rd2
40. e6 Nf6 41. Nf3 Ra2 42. Kg1 Nxg4 43. Bd4 Ra6 44. Kg2 h5 45. Kg3 Bd6+ 46. Kh4
Be7+ 47. Kg3 Nh6 48. Kf4 Nf5 49. Bc3 Ng7 50. Ng5 Ra3 51. Rc1 Ra6 52. Bb2 Ra5
0-1